|
|
|
|
| LEADER |
00000cam a2200000 a 4500 |
| 001 |
vtls001068345 |
| 003 |
SK-MaSNL |
| 005 |
20260301232747.0 |
| 008 |
240226s1992 xo odalfrnp 001 0 slo |
| 015 |
|
|
|a SNBA1992
|
| 020 |
|
|
|a 8021703342
|q (viazané)
|
| 035 |
|
|
|a SNK000011175
|
| 035 |
|
|
|a 6BD7AB2F-87BC-46EE-9AD9-7D77C7F54F8E
|
| 035 |
|
|
|a urn:nbn:sk:snk-am00ih6r
|
| 040 |
|
|
|a SNK
|b slo
|c SNK
|e AACR2
|
| 041 |
0 |
|
|a slo
|
| 044 |
|
|
|a xo
|c SK
|
| 072 |
|
7 |
|a 616
|x Patológia. Klinická medicína
|2 konspekt
|
| 072 |
|
7 |
|a 37.016
|x Učebné osnovy. Vyučovacie predmety. Učebnice
|2 konspekt
|
| 080 |
|
|
|a 616.21
|2 2011
|
| 080 |
|
|
|a (075.8)
|2 2011
|
| 100 |
1 |
|
|a Klačanský, Ivan,
|d 1923-2008
|4 aut
|9 49051
|
| 245 |
1 |
0 |
|a Detská otorinolaryngológia
|b učebnica pre lekárske fakulty
|c Ivan Klačanský, Janka Jakubíková
|
| 260 |
|
|
|a Martin
|b Osveta
|c 1992
|
| 300 |
|
|
|a 226 strán
|b fotografie, grafy, ilustrácie, schémy, tabuľky
|c 25 cm
|
| 490 |
1 |
|
|a Vysokoškolské učebnice
|
| 500 |
|
|
|a Obsahuje 7 kapitol
|
| 504 |
|
|
|a Bibliografia na strane 212-[215]. Register na strane 217-226
|
| 650 |
0 |
7 |
|a detská otorinolaryngológia
|2 SNKPH
|9 156676
|
| 650 |
0 |
7 |
|a otorinolaryngológia
|2 SNKPH
|9 132942
|
| 655 |
|
7 |
|a učebnice vysokých škôl
|2 SNKPH
|9 70191
|
| 700 |
1 |
|
|a Jakubíková, Janka,
|d 1952-2012
|4 aut
|9 154535
|
| 740 |
0 |
2 |
|a Otolaryngologické vyšetrovacie metódy
|
| 740 |
0 |
2 |
|a Vývoj hlavy a krčnej oblasti počas embryogenézy
|
| 740 |
0 |
2 |
|a Nos a prinosové dutiny
|
| 740 |
0 |
2 |
|a Ústna dutina a hltan
|
| 740 |
0 |
2 |
|a Hrtan, priedušnica a priedušky
|
| 740 |
0 |
2 |
|a Pažerák
|
| 740 |
0 |
2 |
|a Ucho
|
| 830 |
|
0 |
|a Vysokoškolské učebnice
|9 277152
|
| 852 |
|
|
|a Slovenská národná knižnica
|
| 919 |
|
|
|a 80-217-0334-2
|
| 954 |
|
|
|a odborná, vedecká literatúra pôvodná (slovenská)
|2 lita
|
| 958 |
|
|
|a RK
|
| 958 |
|
|
|a TL
|
| 958 |
|
|
|a NB
|
| 958 |
|
|
|a MI
|
| 958 |
|
|
|a EUIPO
|
| 958 |
|
|
|a OND
|
| 999 |
|
|
|c 962723
|d 964653
|
| 952 |
|
|
|a SNK
|b SNK
|y NEVYP
|7 0
|p 17A0081687
|0 0
|1 1
|4 0
|d 1997-08-06
|l 0
|r 2004-12-31 00:00:00
|w 2026-02-24
|
| 952 |
|
|
|t P60, <04>, [BOOK], {604}
|a SNK
|b SNK
|y VYP
|7 0
|p 17A0315527
|o snkSC 81812 D1
|i snkKSP 4645/92
|0 0
|1 0
|4 0
|d 2001-09-17
|l 0
|r 2004-12-31 00:00:00
|w 2026-02-24
|
| 952 |
|
|
|a SNK
|b SNK
|y PREZ
|7 0
|p 17A0994117
|o snkSC 81812
|i snkKSP 4644/92
|0 0
|1 0
|4 0
|d 2012-08-14
|f 1
|l 0
|r 2025-08-18 00:00:00
|w 2026-02-24
|